La pragmática sobre los diez días del año, primera muestra tipográfica salida de las prensas de la América del Sur.
Saved in:
| Other Authors: | , |
|---|---|
| Format: | Book |
| Language: | Spanish |
| Published: |
Santiago, Chile:
Ediciones Universidad de Chile,
1984.
|
| Subjects: | |
| Tags: |
Add Tag
No Tags, Be the first to tag this record!
|
MARC
| LEADER | 00000nam a2200000 a 4500 | ||
|---|---|---|---|
| 001 | UCY7536 | ||
| 003 | CL-VaPUC | ||
| 005 | 20240729130956.0 | ||
| 008 | 950614e19840000CL |||||||||||||||||spa|d | ||
| 999 | |c 234885 |d 234883 | ||
| 040 | |c Pontificia Universidad Católica de Valparaíso | ||
| 082 | 0 | 4 | |a 686.2 LAP 1984 |2 21 |
| 245 | 1 | 3 | |a La pragmática sobre los diez días del año, primera muestra tipográfica salida de las prensas de la América del Sur. |
| 260 | |a Santiago, Chile: |b Ediciones Universidad de Chile, |c 1984. | ||
| 300 | |a 30 páginas. | ||
| 500 | |a c.3 Donación Familia Prof. Alejandro Guzmán Brito. | ||
| 583 | |a last modification |c 19950614 00:00:00 |k Rodrigo Vera | ||
| 650 | 0 | |a Artes gráficas |9 265865 | |
| 650 | 7 | |a Impresores |2 CL-VaPUC |9 338057 |x Historia | |
| 700 | |a Medina, José Toribio |9 864577 |d prólogo | ||
| 700 | |a Ávila Martel, Alamiro de |9 342464 |e estudio preliminar | ||
| 942 | |c BK |2 ddc |n 0 | ||
| 945 | |d 19950614 00:00:00 |a rbrito | ||
| 952 | |0 0 |1 0 |4 0 |6 686_200000000000000_LAP_1984 |7 0 |8 A |9 241656 |a BIBCUR |b BIBCUR |d 2019-11-18 |i 3093271 |o 686.2 LAP 1984 |p 3093271 |r 2025-04-22 |w 2019-11-18 |y BK |k PER | ||
| 952 | |0 0 |1 0 |4 0 |6 686_200000000000000_LAP_1984 |7 0 |8 P |9 241657 |a BIBARQ |b BIBARQ |d 2019-11-18 |i 3244814 |o 686.2 LAP 1984 |p 3244814 |r 2025-01-20 |w 2019-11-18 |y BK |k ARQ | ||
| 952 | |0 0 |1 0 |2 ddc |4 0 |6 686_200000000000000_LAP_1984 |7 1 |8 C_AGB |9 580681 |a BIBDER |b BIBDER |d 2022-01-19 |e Donación |i 5640253 |o 686.2 LAP 1984 |p 5640253 |r 2023-01-25 |t 3 |w 2022-01-19 |y BK_US |k AGB | ||